banner koha

Prospeccao dos bancos de algas marinhas do estado do Rio Grande do Norte - 1. parte: profundidade de 0 a 10 metros [Brasil] (Registro n. 333888)

MARC details
000 -LÍDER
campo de controle de tamanho fixo 01211naa a22003377a 4500
001 - NÚMERO DE CONTROLE
campo de controle BR8106537
003 - IDENTIFICADOR DO NÚMERO DE CONTROLE
campo de controle BR-BrBNA
005 - DATA E HORÁRIO DA ÚLTIMA TRANSAÇÃO
campo de controle 20250716171951.0
007 - CAMPO FIXO DE DESCRIÇÃO FÍSICA--INFORMAÇÃO GERAL
campo de controle de tamanho fixo ta
008 - CAMPO DE DADOS FIXOS--INFORMAÇÃO GERAL
campo de controle de tamanho fixo 250630b bl.|||m| |||| 00| 0 por d
040 ## - FONTE DA CATALOGAÇÃO
Instituição da catalogação original BR-BrBNA
Idioma da catalogação por
Instituição que transcreveu o registro Biblioteca Nacional de Agricultura
041 ## - CÓDIGO DE IDIOMA
Código do idioma do texto/trilha sonora ou título diferente (Pt)
072 ## - CÓDIGO DE CATEGORIA DE ASSUNTO
Código de Categoria de Assunto M10
Código do objeto 3410
-- G514
090 ## - NÚMERO DE CHAMADA LOCAL
Número de chamada M10 BR8106537
100 1# - ENTRADA PRINCIPAL--NOME PESSOAL
Nome pessoal Ferreira, M.V.
100 1# - ENTRADA PRINCIPAL--NOME PESSOAL
Nome pessoal Camara Neto, C.
100 1# - ENTRADA PRINCIPAL--NOME PESSOAL
Nome pessoal Oliveira Filho, E.C. de
100 1# - ENTRADA PRINCIPAL--NOME PESSOAL
Nome pessoal Morais, S.B. de
100 1# - ENTRADA PRINCIPAL--NOME PESSOAL
Nome pessoal Vasconcelos, M.D.T. de
245 1# - TÍTULO
Título Prospeccao dos bancos de algas marinhas do estado do Rio Grande do Norte - 1. parte: profundidade de 0 a 10 metros [Brasil]
490 ## - TÍTULO DA SÉRIE
Título da série Brasil. SUDENE. Estudos de Pesca (Brazil)
Número do volume ou designação sequencial da série no. 9
500 ## - NOTA GERAL
Nota geral Projeto algas. Estado do Rio Grande do Norte<br/>Recife, PE (Brasil): 1971. p. 10-23 [9 illus.; 10 ref.; Summaries (En, Pt)]<br/>(BR8106537-AMS)<br/>
650 ## - ASSUNTO--TERMO TÓPICO
Cabeçalho tópico ou nome geográfico ALGA
650 ## - ASSUNTO--TERMO TÓPICO
Cabeçalho tópico ou nome geográfico DISTRIBUICAO GEOGRAFICA
650 ## - ASSUNTO--TERMO TÓPICO
Cabeçalho tópico ou nome geográfico BIOMASSA
650 ## - ASSUNTO--TERMO TÓPICO
Cabeçalho tópico ou nome geográfico EXPORTACAO
650 ## - ASSUNTO--TERMO TÓPICO
Cabeçalho tópico ou nome geográfico RIO GRANDE DO NORTE
773 0# - ENTRADA ANALÍTICA
Título Projeto algas. Estado do Rio Grande do Norte
Número de controle do registro M10 BR8106537
Partes relacionadas Recife, PE (Brasil), 1971. p. 10-23
942 ## - ELEMENTOS DE ENTRADA ADICIONADOS (KOHA)
Tipo de material Koha Analítica de Monografia Seriada
Fonte da classificação ou esquema de arquivamento na estante Classificação AGRIS
909 ## -
-- 202506
-- Lúcia
-- 55
-- Lúcia Elande
Exemplares
Situação do descarte Fonte da classificação ou esquema de arquivamento na estante Situação física Não pode ser emprestado Coleção Biblioteca de origem Biblioteca atual Total de empréstimos Data de último acesso Número do exemplar Tipo de material Koha Situação das perdas Data de aquisição Fonte de aquisição
  Classificação AGRIS       Biblioteca Nacional de Agricultura - Binagri Biblioteca Nacional de Agricultura - Binagri   30/06/2025 01 Analítica de Monografia Seriada   2025-06-30 Portaria Interministerial nº 164/94

BINAGRI

Telefone: (61)3218-2567/2388/3357/2097 - binagri@agro.gov.br

Ministério da Agricultura e Pecuária , Esplanada dos Ministérios, Bloco D, Anexo B, Brasília/DF, CEP: 70.043-900